[Event "GER-chT Federal Cup (Women)"]
[Site "Braunfels"]
[Date "2018.06.01"]
[Round "3.6"]
[White "Werner, Rosalie"]
[Black "Lukas, Anne"]
[Result "0-1"]
[WhiteElo "1575"]
[BlackElo "1857"]
[PlyCount "120"]
[EventDate "2018.05.31"]
[EventType "team-swiss"]
[EventRounds "5"]
[EventCountry "GER"]
[SourceTitle "EXT 2020"]
[Source "ChessBase"]
[SourceDate "2019.10.17"]
[SourceVersion "1"]
[SourceVersionDate "2019.10.17"]
[SourceQuality "1"]
[WhiteTeam "Hessen (W) II"]
[BlackTeam "Hessen (W)"]
[WhiteTeamCountry "GER"]
[BlackTeamCountry "GER"]

1. e4 c5 2. Nf3 g6 3. d4 cxd4 4. Nxd4 Bg7 5. c4 Nc6 6. Be3 Nf6 7. Nc3 0-0 8. Be2 d6 9. 0-0 Bd7 10. Qd2 Nxd4 11. Bxd4 Bc6 12. f3 a6 13. Rfd1 Nd7 14. Bxg7 Kxg7 15. b3 Rc8 16. Rac1 Kg8 17. Nd5 Bxd5 18. exd5 a5 19. Re1 Qb6+ 20. Kf1 Qb4 21. Qe3 Rfe8 22. Kg1 a4 23. Rb1 axb3 24. axb3 Ra8 25. Bd3 Ra3 26. Bc2 Ra2 27. Re2 Ne5 28. h3 b6 29. f4 Nd7 30. Rbe1 Qc5 31. Bb1 Rxe2 32. Rxe2 Kf8 33. Kf1 Qxe3 34. Rxe3 Ra8 35. Bc2 Ra2 36. Re2 Nc5 37. Bd1 Ra1 38. Re1 Nd3 39. g4 Nxe1 40. Kxe1 Rb1 41. Kd2 Rb2+ 42. Bc2 Kg7 43. g5 f6 44. h4 fxg5 45. fxg5 Kf7 46. Kc1 Ra2 47. Kb1 Ra7 48. Kb2 e6 49. Bd3 exd5 50. cxd5 Re7 51. Kc3 Ke8 52. Kc4 Re3 53. Bc2 Kd8 54. Kb5 Kc7 55. b4 Rh3 56. Ba4 Rxh4 57. Ka6 Rxb4 58. Bb5 Rg4 59. Bc6 Rxg5 60. Ba8 Rg1 0-1

[Event "Hessen-chA"]
[Site "Frankfurt"]
[Date "2018.05.10"]
[Round "2"]
[White "Bajorski, Leszek"]
[Black "Lukas, Anne"]
[Result "1-0"]
[WhiteElo "1970"]
[BlackElo "1857"]
[PlyCount "45"]
[EventDate "2018.05.10"]
[EventType "swiss"]
[EventRounds "7"]
[EventCountry "GER"]
[SourceTitle "EXT 2019"]
[Source "ChessBase"]
[SourceDate "2018.10.10"]
[SourceVersion "1"]
[SourceVersionDate "2018.10.10"]
[SourceQuality "1"]

1. e4 c5 2. Nf3 g6 3. d4 cxd4 4. Nxd4 Bg7 5. Be2 Nc6 6. Nb3 Nf6 7. Nc3 0-0 8. 0-0 d6 9. Bg5 a6 10. f4 b5 11. Bf3 Bb7 12. Qe1 Qb6+ 13. Kh1 Nb4 14. Qe2 Qc7 15. a3 Nc6 16. Nd5 Qd7 17. Nb6 Qc7 18. Nxa8 Bxa8 19. c3 Qb6 20. Rad1 a5 21. e5 dxe5 22. fxe5 Nxe5 23. Bxa8 1-0

[Event "BL2 Sued 1718 (Women)"]
[Site "Germany"]
[Date "2017.12.17"]
[Round "3.2"]
[White "Reinecke, Katharina"]
[Black "Lukas, Anne"]
[Result "1-0"]
[WhiteElo "1939"]
[BlackElo "1877"]
[PlyCount "43"]
[EventDate "2017.10.14"]
[EventType "team-tourn"]
[EventRounds "7"]
[EventCountry "GER"]
[SourceTitle "EXT 2019"]
[Source "ChessBase"]
[SourceDate "2018.10.10"]
[SourceVersion "1"]
[SourceVersionDate "2018.10.10"]
[SourceQuality "1"]
[WhiteTeam "Langen (W)"]
[BlackTeam "Gernsheim (W)"]
[WhiteTeamCountry "GER"]
[BlackTeamCountry "GER"]

1. d4 Nf6 2. c4 c5 3. Nf3 cxd4 4. Nxd4 Nc6 5. Nc3 g6 6. g3 Bg7 7. Bg2 0-0 8. 0-0 a6 9. b3 Qa5 10. Bb2 Ng4 11. e3 d6 12. Nd5 Qd8 13. Nxc6 bxc6 14. Bxg7 Kxg7 15. Nb4 Ne5 16. Nxc6 Nxc6 17. Bxc6 Rb8 18. Qd4+ Kg8 19. Rfd1 Qc7 20. Bd5 a5 21. Rac1 Bg4 22. Qxg4 1-0

[Event "BL2 Sued 1718 (Women)"]
[Site "Germany"]
[Date "2017.10.14"]
[Round "1.2"]
[White "Lukas, Anne"]
[Black "Vidonyak, Nellya"]
[Result "0-1"]
[WhiteElo "1877"]
[BlackElo "2133"]
[PlyCount "88"]
[EventDate "2017.10.14"]
[EventType "team-tourn"]
[EventRounds "7"]
[EventCountry "GER"]
[SourceTitle "EXT 2019"]
[Source "ChessBase"]
[SourceDate "2018.10.10"]
[SourceVersion "1"]
[SourceVersionDate "2018.10.10"]
[SourceQuality "1"]
[WhiteTeam "Gernsheim (W)"]
[BlackTeam "Muenchen Bayern (W)"]
[WhiteTeamCountry "GER"]
[BlackTeamCountry "GER"]

1. d4 b5 2. a4 b4 3. c3 e6 4. Nf3 Bb7 5. e3 Nf6 6. Bd3 c5 7. Nbd2 Qc7 8. a5 bxc3 9. bxc3 cxd4 10. cxd4 Qc3 11. Rb1 Qxd3 12. Rxb7 Nc6 13. Ne5 Qa6 14. Qb3 Nxe5 15. dxe5 Rc8 16. Rb8 Nd5 17. Rxc8+ Qxc8 18. 0-0 Be7 19. Nc4 0-0 20. e4 Nc7 21. Be3 Qa8 22. Qd3 Rd8 23. Rb1 Ne8 24. Qd4 Qc6 25. Rc1 Qa4 26. Ra1 Qb5 27. Nd6 Nxd6 28. exd6 Bf6 29. Qa4 Qd3 30. Rd1 Qa6 31. f4 Bc3 32. Bd2 Bxd2 33. Rxd2 Rb8 34. Kf2 Rb1 35. Qc2 Qf1+ 36. Kg3 Rc1 37. Qd3 Qe1+ 38. Kh3 Rc5 39. e5 Rd5 40. Qb3 g5 41. Qb8+ Kg7 42. g3 Rxd2 43. Qd8 g4+ 44. Kxg4 Qd1+ 0-1

[Event "GER-chT Federal Cup (Women)"]
[Site "Braunfels"]
[Date "2017.06.18"]
[Round "5.7"]
[White "Braun, Kristin"]
[Black "Lukas, Anne"]
[Result "1/2-1/2"]
[WhiteElo "1860"]
[BlackElo "1870"]
[PlyCount "57"]
[EventDate "2017.06.15"]
[EventType "team-swiss"]
[EventRounds "5"]
[EventCountry "GER"]
[SourceTitle "CBM 179 Extra"]
[Source "ChessBase"]
[SourceDate "2017.08.23"]
[SourceVersion "1"]
[SourceVersionDate "2017.08.23"]
[SourceQuality "1"]
[WhiteTeam "Bayern (W)"]
[BlackTeam "Hessen (W)"]
[WhiteTeamCountry "GER"]
[BlackTeamCountry "GER"]

1. Nf3 c5 2. e4 Nc6 3. Bb5 g6 4. Bxc6 dxc6 5. d3 Bg7 6. Nc3 Nf6 7. 0-0 0-0 8. h3 b6 9. Be3 Qc7 10. Qd2 Rd8 11. Bf4 Qd7 12. Bh6 Qe8 13. Bxg7 Kxg7 14. Qe3 Ba6 15. Ne5 Nd7 16. f4 Nxe5 17. fxe5 Qd7 18. Ne2 Rf8 19. Rf3 Rad8 20. Raf1 Qe6 21. Qf2 f6 22. exf6+ Rxf6 23. Rxf6 Qxf6 24. Qxf6+ exf6 25. Kf2 Re8 26. Ke3 c4 27. Rd1 cxd3 28. cxd3 c5 29. Nc3 1/2-1/2